जीवनदाता- एका शल्यविशारदाची आत्मकथा (Record no. 440602)

MARC details
000 -LEADER
fixed length control field 00744nam a2200181Ia 4500
008 - FIXED-LENGTH DATA ELEMENTS--GENERAL INFORMATION
fixed length control field 100122s9999 xx 000 0 und d
082 ## - DEWEY DECIMAL CLASSIFICATION NUMBER
Item number 69151
Classification number 926.1
100 ## - MAIN ENTRY--PERSONAL NAME
Personal name चांदोरकर नीला
245 ## - TITLE STATEMENT
Title जीवनदाता- एका शल्यविशारदाची आत्मकथा
250 ## - EDITION STATEMENT
Edition statement 2
260 ## - PUBLICATION, DISTRIBUTION, ETC. (IMPRINT)
Name of publisher, distributor, etc मधुरा प्रकाशन
Date of publication, distribution, etc 2006
300 ## - PHYSICAL DESCRIPTION
Extent 240
520 ## - SUMMARY, ETC.
Summary, etc जॉर्ज सावा
620 ## -
-- जॉर्ज सावा
630 ## - SUBJECT ADDED ENTRY--UNIFORM TITLE
Uniform title जीवनदाता- एका शल्यविशारदाची आत्मकथा
730 ## - ADDED ENTRY--UNIFORM TITLE
Uniform title जीवनदाता- एका शल्यविशारदाची आत्मकथा
942 ## - ADDED ENTRY ELEMENTS (KOHA)
Koha item type Book
Holdings
Withdrawn status Lost status Damaged status Not for loan Home library Current library Date acquired Cost, normal purchase price Total Checkouts Full call number Barcode Date last seen Cost, replacement price Price effective from Koha item type Public note
        S.V. Pathak Library, Vile Parle S.V. Pathak Library, Vile Parle 06/10/2006 175.00   69151 SVPPARLE-69151 01/25/2010 175.00 01/25/2010 Book General NA